Early modern Europe : from about 1450 to about 1720
Αποθηκεύτηκε σε:
| Κύριος συγγραφέας: | |
|---|---|
| Μορφή: | Βιβλίο |
| Γλώσσα: | English |
| Δημοσίευση: |
New York :
A Galaxy Book,
1960.
|
| Θέματα: | |
| Ετικέτες: |
Προσθήκη ετικέτας
Δεν υπάρχουν, Καταχωρήστε ετικέτα πρώτοι!
|
MARC
| LEADER | 00000nam a2200000 a 4500 | ||
|---|---|---|---|
| 001 | 1/127571 | ||
| 008 | 231025s1960####nyu| ||| |||| ||eng|| | ||
| 040 | |a GR-MyUa |b gre |c GR-MyUa |e AACR2 | ||
| 041 | 0 | |a eng | |
| 082 | 7 | |a 940.2 |2 (23) | |
| 100 | 1 | |a Clark, G.N. |c Sir, |q (George Norman), |d 1890-1979. | |
| 245 | 1 | 0 | |a Early modern Europe : |b from about 1450 to about 1720 / |c Sir George Clark. |
| 260 | |a New York : |b A Galaxy Book, |c 1960. | ||
| 300 | |a 261 σ. ; |c 21 εκ. | ||
| 651 | 0 | |a Europe |x History |y 1492-1648. | |
| 651 | 0 | |a Europe |x History |y 1648-1715. | |
| 852 | |a INST |b LESVOS |e 20231025 |h 940.2 CLA |p 005100065765 |q 005100065765 |t BK |y 0 | ||
| 970 | |a Δημάκη |b Μαρία |z 25-10-2023 | ||